Determination of the Ground Vibrational State Parameters of the C2D4 Molecule; Russian Physics Journal; Vol. 59, № 3

গ্রন্থ-পঞ্জীর বিবরন
Parent link:Russian Physics Journal.— , 1965-
Vol. 59, № 3.— 2016.— [P. 166–170]
সংস্থা লেখক: Национальный исследовательский Томский политехнический университет Физико-технический институт Кафедра общей физики
অন্যান্য লেখক: Fomchenko A. L. Anna Leonidovna, Zhang Fangce, Gromova O. V. Olga Vasilievna, Buttersack T.
সংক্ষিপ্ত:Title screen
The object of the study is the C2D4 molecule, as it is important to know its properties to address numerous problems of molecular physics. The analysis of high-resolution spectra of the deuterated ethylene molecule was made in the range of 600–1200 cm–1, specifically bands v7 and v12. The results obtained were used to determine high-accurate values of the vibrational-rotational levels of the ground vibrational state of the C2D4 molecule.
Режим доступа: по договору с организацией-держателем ресурса
ভাষা:ইংরেজি
প্রকাশিত: 2016
বিষয়গুলি:
অনলাইন ব্যবহার করুন:http://dx.doi.org/10.1007/s11182-016-0784-x
বিন্যাস: MixedMaterials বৈদ্যুতিক গ্রন্থের অধ্যায়
KOHA link:https://koha.lib.tpu.ru/cgi-bin/koha/opac-detail.pl?biblionumber=650251

MARC

LEADER 00000naa0a2200000 4500
001 650251
005 20250312144439.0
035 |a (RuTPU)RU\TPU\network\15463 
090 |a 650251 
100 |a 20160926d2016 k||y0rusy50 ba 
101 0 |a eng 
135 |a drcn ---uucaa 
181 0 |a i  
182 0 |a b 
200 1 |a Determination of the Ground Vibrational State Parameters of the C2D4 Molecule  |f A. L. Fomchenko [et al.] 
203 |a Text  |c electronic 
300 |a Title screen 
320 |a [References: p. 391 (27 tit.)] 
330 |a The object of the study is the C2D4 molecule, as it is important to know its properties to address numerous problems of molecular physics. The analysis of high-resolution spectra of the deuterated ethylene molecule was made in the range of 600–1200 cm–1, specifically bands v7 and v12. The results obtained were used to determine high-accurate values of the vibrational-rotational levels of the ground vibrational state of the C2D4 molecule. 
333 |a Режим доступа: по договору с организацией-держателем ресурса 
461 |t Russian Physics Journal  |d 1965- 
463 |t Vol. 59, № 3  |v [P. 166–170]  |d 2016 
610 1 |a электронный ресурс 
610 1 |a труды учёных ТПУ 
610 1 |a этилен 
610 1 |a колебательные состояния 
701 1 |a Fomchenko  |b A. L.  |c physicist  |c research engineer at Tomsk Polytechnic University, candidate of physical and mathematical Sciences  |f 1987-  |g Anna Leonidovna  |3 (RuTPU)RU\TPU\pers\34089  |9 17645 
701 0 |a Zhang Fangce  |c Chinese physicist  |c technician of Tomsk Polytechnic University  |f 1993-  |3 (RuTPU)RU\TPU\pers\42500  |9 21546 
701 1 |a Gromova  |b O. V.  |c physicist  |c Professor of Tomsk Polytechnic University, Candidate of physical and mathematical sciences  |f 1982-  |g Olga Vasilievna  |3 (RuTPU)RU\TPU\pers\34333  |9 17839 
701 1 |a Buttersack  |b T. 
712 0 2 |a Национальный исследовательский Томский политехнический университет  |b Физико-технический институт  |b Кафедра общей физики  |3 (RuTPU)RU\TPU\col\18734  |9 27183 
801 2 |a RU  |b 63413507  |c 20181217  |g RCR 
856 4 |u http://dx.doi.org/10.1007/s11182-016-0784-x 
942 |c CF